| 000 | 00655nam a22001937a 4500 | ||
|---|---|---|---|
| 999 |
_c190683 _d190683 |
||
| 005 | 20220802161040.0 | ||
| 010 | _aENG-134168 | ||
| 020 |
_c50.00 _a9789389195460 |
||
| 035 | _aEN-117700 | ||
| 037 | _bDBAD/PUB | ||
| 082 | _a894.81409 | ||
| 100 | _aPatil,Raghavendra | ||
| 245 |
_aAnandakanda (Betageri Krishna Sharma): _cby Raghavendra Patil;translated by Shashidhar G.Vaidya _bmakers of indian literature/ |
||
| 260 |
_bSahitya Akademi _c2019 _aNew Delhi |
||
| 270 |
_aRabindra Bhawan,35,Phirozesshah Road, _bNew Delhi _e110001 |
||
| 300 |
_a155p. _c22cm(pbk) |
||
| 700 | _aVaidya,Shashidhar G. | ||
| 942 |
_2ddc _cEN _h894.81409 _mPAT |
||